000 00225nam a2200109Ia 4500
100 _a#N/A
942 _cBK
654 _apower builder 5
245 _aPowor Builder 5 - A Developers Guide
260 _b#N/A
546 _aENGLISH
999 _c23770
_d23770